000 00408nam a22001697a 4500
005 20160627113259.0
008 160627b xxu||||| |||| 00| 0 eng d
020 _a0-671-72400-2
041 _aeng
082 _b10442
100 _aCarnegic, Dale
_92850
245 _aThe Quick & Easy Way to Effective Speaking
260 _bBekets Bell
_c1977
300 _a218
650 _aManagement
_9241
942 _cBK
999 _c4208
_d4207